| 000 | 00363 a2200097 4500 | ||
|---|---|---|---|
| 245 | 0 | 0 |
_aLampy elektronowe - Kineskopy kolorowe Metoda pomiaru pradów upływowych PN-79/T-04830.02 / _cMin. Przem. Maszynowego. |
| 246 | 1 | 3 | _aPN-79/T-04830.02 |
| 246 | 1 | 3 | _a621.385.832:621.397.331.24 |
| 260 |
_aWarszawa : _bMin. Przem. Maszynowego, _c1979. |
||
| 300 |
_a2 stron ; _c30 cm. |
||
| 650 | _aPolska norma | ||
| 999 |
_c21008 _d21008 |
||